书目信息 |
| 题名: |
物理化学教程
|
|
| 作者: | 傅玉普 , 林青松 主编 | |
| 分册: | ||
| 出版信息: | 大连 大连理工大学出版社 2007.04 |
|
| 页数: | 341页 | |
| 开本: | 26cm | |
| 丛书名: | ||
| 单 册: | ||
| 中图分类: | O64 | |
| 科图分类: | ||
| 主题词: | 物理化学--wu li hua xue--高等学校--教材 | |
| 电子资源: | ||
| ISBN: | 978-7-5611-3525-9 | |
| 000 | 00949nam0 2200265 450 | |
| 001 | 012008554442 | |
| 005 | 20080412183056.26 | |
| 010 | @a978-7-5611-3525-9@dCNY28.00 | |
| 100 | @a20080412d2007 em y0chiy0120 ea | |
| 101 | 0 | @achi |
| 102 | @aCN@b210000 | |
| 105 | @aak z 000yy | |
| 106 | @ar | |
| 200 | 1 | @a物理化学教程@Awu li hua xue jiao cheng@d= Physical chemistry@f傅玉普, 林青松主编@Ffu yu pu,lin qing song zhu bian@zeng |
| 210 | @a大连@c大连理工大学出版社@d2007.04 | |
| 215 | @a341页@c图@d26cm | |
| 300 | @a高等学校理工科材料类规划教材 | |
| 330 | @a本书内容包括化学热力学基础、相平衡、化学平衡、化学动力学基础、界面层的平衡与速率、电解质溶液、电化学反应的平衡与速率等。 | |
| 510 | 1 | @aPhysical chemistry@zeng |
| 606 | 0 | @a物理化学@Awu li hua xue@x高等学校@j教材 |
| 690 | @aO64@v4 | |
| 701 | 0 | @a傅玉普@Afu yu pu@4主编 |
| 701 | 0 | @a林青松@Alin qing song@4主编 |
| 801 | 0 | @aCN@bQSSK@c20080412 |
| 905 | @b290918-20@dO64@eF974@f3 | |
| 物理化学教程= Physical chemistry/傅玉普, 林青松主编.-大连:大连理工大学出版社,2007.04 |
| 341页:图;26cm |
| 高等学校理工科材料类规划教材 |
| ISBN 978-7-5611-3525-9:CNY28.00 |
| 本书内容包括化学热力学基础、相平衡、化学平衡、化学动力学基础、界面层的平衡与速率、电解质溶液、电化学反应的平衡与速率等。 |
| ● |
| 相关链接 |
|
|
|
正题名:物理化学教程
索取号:O64/F974
 
预约/预借
| 序号 | 登录号 | 条形码 | 馆藏地/架位号 | 状态 | 备注 |
| 1 | 290918 | 202909184 | 自科库401/401自科库 94排1列3层/ [索取号:O64/F974] | 在馆 | |
| 2 | 290919 | 202909193 | 自科库401/401自科库 94排1列4层/ [索取号:O64/F974] | 在馆 | |
| 3 | 290920 | 202909200 | 自科库401/401自科库 94排1列4层/ [索取号:O64/F974] | 在馆 |